UBT Library

Coaching cheerleading successfully / (Record no. 40912)

000 -LEADER
fixed length control field 00737cam a2200229 a 4500
001 - CONTROL NUMBER
control field 688580
005 - DATE AND TIME OF LATEST TRANSACTION
control field 20180125042853.0
008 - FIXED-LENGTH DATA ELEMENTS--GENERAL INFORMATION
fixed length control field 960430s1997 ilua b 001 0 eng
010 ## - LIBRARY OF CONGRESS CONTROL NUMBER
LC control number 96003038
020 ## - INTERNATIONAL STANDARD BOOK NUMBER
International Standard Book Number 0873229428
040 ## - CATALOGING SOURCE
Original cataloging agency DLC
Transcribing agency DLC
Modifying agency DLC
041 ## - LANGUAGE CODE
Language code of text/sound track or separate title eng
080 ## - UNIVERSAL DECIMAL CLASSIFICATION NUMBER
Universal Decimal Classification number 791.64 RAE
082 00 - DEWEY DECIMAL CLASSIFICATION NUMBER
Classification number 791.64 RAE
Edition number 20
100 1# - Rafti
Rafti 48
101 ## - Shkurtesa
Shkurtesa EDU
245 10 - TITLE STATEMENT
Title Coaching cheerleading successfully /
Statement of responsibility, etc Linda Rae Chappell; [foreword by Lawrence "Herkie" Herkimer].
504 ## - BIBLIOGRAPHY, ETC. NOTE
Bibliography, etc Includes bibliographical references (p. 193) and index.
906 ## - LOCAL DATA ELEMENT F, LDF (RLIN)
a 7
b cbc
c orignew
d 1
e ocip
f 19
g y-gencatlg
942 ## - ADDED ENTRY ELEMENTS (KOHA)
Source of classification or shelving scheme
Item type Books
Holdings
Withdrawn status Lost status Source of classification or shelving scheme Damaged status Not for loan Collection code Permanent location Current location Shelving location Date acquired Total Checkouts Full call number Barcode Date last seen Price effective from Koha item type
          Koleksioni i përgjithshem UBT - Lipjan UBT - Lipjan Koleksioni i përgjithshem 01/25/2018   791.64 RAE 002-2996481 01/25/2018 01/25/2018 Books
UBT Library © 2015-2024. All rights reserved University Education for Business and Technology